Minor illness or major disease? : (Record no. 9493)
[ view plain ]
| 000 -LEADER | |
|---|---|
| fixed length control field | 00711nam a22002292 4500 |
| 001 - CONTROL NUMBER | |
| control field | 0000020756 |
| 005 - DATE AND TIME OF LATEST TRANSACTION | |
| control field | 20151217152221.0 |
| 008 - FIXED-LENGTH DATA ELEMENTS--GENERAL INFORMATION | |
| fixed length control field | 111012s xx 000 0 eng d |
| 020 ## - INTERNATIONAL STANDARD BOOK NUMBER | |
| International Standard Book Number | 0853696278 : |
| 040 ## - CATALOGING SOURCE | |
| Original cataloging agency | KABU |
| Transcribing agency | KABU |
| 100 1# - MAIN ENTRY--PERSONAL NAME | |
| Personal name | Edwards, Clive. |
| -- | 0000181311 |
| 245 10 - TITLE STATEMENT | |
| Title | Minor illness or major disease? : |
| Remainder of title | the clinical pharmacist in the community / |
| Statement of responsibility, etc. | Clive Edwards, Paul Stillman. |
| 250 ## - EDITION STATEMENT | |
| Edition statement | 4th ed. |
| 260 ## - PUBLICATION, DISTRIBUTION, ETC. (IMPRINT) | |
| Place of publication, distribution, etc. | London : |
| Name of publisher, distributor, etc. | PhP, |
| Date of publication, distribution, etc. | 1982. |
| 300 ## - PHYSICAL DESCRIPTION | |
| Extent | xiii, 285 p. |
| 650 #0 - SUBJECT ADDED ENTRY--TOPICAL TERM | |
| Topical term or geographic name as entry element | Pharmacology. |
| -- | 0000155850 |
| 650 #0 - SUBJECT ADDED ENTRY--TOPICAL TERM | |
| Topical term or geographic name as entry element | Pharmacy. |
| -- | 0000179332 |
| 700 1# - ADDED ENTRY--PERSONAL NAME | |
| Personal name | Stillman, Paul. |
| -- | 0000181312 |
| 852 1# - LOCATION | |
| -- | p4495 KES |
| 908 ## - PUT COMMAND PARAMETER (RLIN) | |
| Put command parameter | 111012 |
| 950 ## - LOCAL HOLDINGS (RLIN) | |
| -- | 1 |
| Withdrawn status | Lost status | Source of classification or shelving scheme | Not for loan | Home library | Current library | Date acquired | Total Checkouts | Full call number | Barcode | Date last seen | Date last checked out | Price effective from | Koha item type |
|---|---|---|---|---|---|---|---|---|---|---|---|---|---|
| Library of Congress Classification | Kabarak, Main Campus | Kabarak, Main Campus | 17/12/2015 | 1 | RM300 .E39 1982 c. 1 | 21719 | 07/03/2016 | 11/02/2016 | 17/12/2015 | General Collection |